100 Biggest U.S. Cities of the Rust Belt in 1950 with a Map - Statistics

General Stats
  • This quiz has been taken 323 times
  • The average score is 56 of 100
Answers on the Map
Answers color-coded by a green-red scale on the quiz's map according to % correct below.
 
Answer Stats
Population State Cities % Correct
580,132 NY Buffalo
98%
3,620,962 IL Chicago
98%
1,849,568 MI Detroit
97%
134,995 NY Albany
96%
914,808 OH Cleveland
96%
375,901 OH Columbus
96%
2,071,605 PA Philadelphia
96%
676,806 PA Pittsburgh
96%
949,708 MD Baltimore
95%
503,998 OH Cincinnati
95%
637,392 WI Milwaukee
95%
856,796 MO St. Louis
94%
220,583 NY Syracuse
91%
303,616 OH Toledo
91%
332,488 NY Rochester
90%
130,803 PA Erie
89%
274,605 OH Akron
86%
176,515 MI Grand Rapids
86%
52,735 WI Green Bay
86%
92,129 MI Lansing
86%
78,508 OH Springfield
85%
89,544 PA Harrisburg
84%
243,872 OH Dayton
82%
90,872 NY Niagara Falls
82%
125,536 PA Scranton
82%
163,143 MI Flint
80%
133,911 IN Gary
80%
128,009 NJ Trenton
80%
73,501 WV Charleston
79%
133,607 IN Fort Wayne
79%
48,251 MI Ann Arbor
76%
115,911 IN South Bend
74%
106,756 PA Allentown
73%
101,531 NY Utica
73%
111,856 IL Peoria
70%
168,330 OH Youngstown
70%
128,636 IN Evansville
69%
54,368 WI Kenosha
67%
92,927 IL Rockford
65%
124,555 NJ Camden
62%
74,549 IA Davenport
62%
82,295 IL East St. Louis
62%
94,994 MI Dearborn
61%
51,601 IL Joliet
61%
58,891 WV Wheeling
61%
57,704 MI Kalamazoo
59%
50,576 IL Aurora
58%
116,912 OH Canton
58%
92,918 MI Saginaw
58%
72,311 NY Troy
58%
80,674 NY Binghamton
55%
91,785 NY Schenectady
54%
109,320 PA Reading
52%
76,826 PA Wilkes-Barre
52%
86,353 WV Huntington
50%
73,641 IL Evanston
47%
71,193 WI Racine
47%
49,856 OH Warren
46%
77,177 PA Altoona
45%
52,523 MI Bay City
45%
66,340 PA Bethlehem
44%
41,084 WI Oshkosh
43%
44,223 IL Elgin
41%
58,479 IN Muncie
41%
64,452 KY Covington
39%
73,681 MI Pontiac
39%
87,594 IN Hammond
38%
66,039 PA Chester
35%
41,682 NY Rome
35%
42,365 WI Sheboygan
35%
54,263 IN East Chicago
33%
48,666 MI Battle Creek
32%
67,544 IL Cicero
32%
57,951 OH Hamilton
32%
50,246 OH Lima
32%
48,429 MI Muskegon
31%
66,269 IL Decatur
30%
49,716 NY Elmira
30%
51,202 OH Lorain
30%
48,710 IL Rock Island
29%
45,047 PA Williamsport
29%
43,354 NY Jamestown
27%
63,232 PA Johnstown
27%
41,396 OH Euclid
25%
40,517 OH Zanesville
25%
63,529 IL Oak Park
24%
43,564 OH Mansfield
23%
46,820 IN Anderson
22%
59,141 OH Cleveland Heights
22%
51,088 MI Jackson
22%
40,047 OH East Cleveland
21%
68,071 OH Lakewood
17%
48,834 PA New Castle
17%
43,355 MI Hamtramck
16%
51,502 PA McKeesport
16%
46,898 MI Royal Oak
13%
42,959 WI West Allis
13%
46,393 MI Highland Park
12%
51,280 IL Berwyn
11%
39,892 MO University City
8%
No matching quizzes found
Score Distribution
Percent of People with Each Score
Percentile by Number Answered
Your Score History
You have not taken this quiz